000 00367nam a22001337a 4500
020 _a0-19-567782-X
082 _a425
_bANA/O
100 _aRENU ANAND, NEENA KAUL
245 _aOXFORD COMMUNICATIVE ENGLISH
_bPRACTICE MATERIAL FOR CLASS X
260 _aCHENNAI
_bOXFORD PRESS
_c2005
300 _a642
650 _aENGLISH PRACTICE MATERIAL FOR CLASS X
_zINDIA
942 _cBK
999 _c827
_d827